|
|
|
|
| LEADER |
00000nam0a2200000 4500 |
| 001 |
67098 |
| 005 |
20231101212310.0 |
| 010 |
|
|
|a 5320004354
|
| 035 |
|
|
|a (RuTPU)RU\TPU\book\71458
|
| 090 |
|
|
|a 67098
|
| 100 |
|
|
|a 20040913d2003 km y0rusy50 ca
|
| 101 |
0 |
|
|a rus
|
| 102 |
|
|
|a RU
|
| 105 |
|
|
|a a f 001zy
|
| 200 |
1 |
|
|a Энциклопедия: символы, знаки, эмблемы
|f Под ред. В. Л. Телицына
|
| 210 |
|
|
|a Москва
|c Локид-Пресс
|d 2003
|
| 215 |
|
|
|a 495 с.
|c ил.
|
| 320 |
|
|
|a Библиогр.: с. 493-495
|
| 606 |
1 |
|
|a Символика
|x Искусство
|2 stltpush
|3 (RuTPU)RU\TPU\subj\54826
|9 72907
|
| 610 |
1 |
|
|a культура
|
| 610 |
1 |
|
|a знаки
|
| 610 |
1 |
|
|a символы
|
| 610 |
1 |
|
|a эмблемы
|
| 610 |
1 |
|
|a энциклопедии
|
| 675 |
|
|
|a 7.04(031)
|v 3
|
| 702 |
|
1 |
|a Телицын
|b В. Л.
|g Вадим Леонидович
|4 340
|
| 801 |
|
1 |
|a RU
|b 63413507
|c 20040913
|g PSBO
|
| 801 |
|
2 |
|a RU
|b 63413507
|c 20141105
|g PSBO
|
| 942 |
|
|
|c BK
|
| 959 |
|
|
|a 118/20040908
|d 1
|e 241,45
|f РФ:1
|